000 01203nam a2200229Ii 4500
003 JO-AjNU
008 230605s9999||||xx |||||||||||||| ||und||
017 _a16/0780
020 _a9960-785-51-3
040 _aJO-AjNU
_bara
_erda
_cJO-AjNU
041 _aara
050 1 4 _aHV7080.S29 1996
100 3 _aتأليف: السيف، محمد بن إبراهيم ؛ تقديم: مدير مركز ابحاث مكافحة الجريمة بوزارة الداخلية,
_eauthor
_919763
245 0 0 _aمنهج في علم اجتماع الانحراف و علم الاجتماع الجنائي :الظاهرة الأجرامية في ثقافة و بناء المجتمع السعودي بين التصور الإجتماعي و حقائق الاتجاه الإسلامي
264 3 1 _aالرياض: مكتبة العبيكان، 1996
300 _a307ص
_bيحتوي على ملاحق وببلوغرافية
336 _atext
_btxt
_2rdacontent
337 _aunmediated
_bn
_2rdamedia
338 _avolume
_bnc
_2rdacarrier
490 0 _aالكتاب الجامعي عن المجتمع السعودي رقم؛ 4
650 4 _aجريمة ومجرمون - جنوح الاحداث - السعودية
_919764
999 _aA6579
_c10147
_d10147